Marcatori della Roma in UEFA Europa League 2019-2020 - Statistics

Statistiche generali
  • Questo quiz è stato fatto 10 volte
  • Il punteggio medio è 9 su 12
Statistiche sulle risposte
Partita Minuto Marcatore % Corretto
Roma - İstanbul Başakşehir 4-0 58' Edin Džeko
100%
İstanbul Başakşehir - Roma 0-3 45' Edin Džeko
100%
Roma - Wolfsberger 2-2 19' Edin Džeko
100%
Roma - İstanbul Başakşehir 4-0 93' Justin Kluivert
89%
İstanbul Başakşehir - Roma 0-3 41' Justin Kluivert
89%
Gent - Roma 1-1 29' Justin Kluivert
89%
Roma - İstanbul Başakşehir 4-0 71' Nicolò Zaniolo
89%
Roma - Borussia Mönchengladbach 1-1 32' Nicolò Zaniolo
89%
Roma - Gent 1-0 13' Carles Pérez
56%
Borussia Mönchengladbach 2-1 64' Federico Fazio
56%
Roma - Wolfsberger 2-2 7' Diego Perotti
44%
Wolfsberger - Roma 1-1 27' Leonardo Spinazzola
44%
Nessun quiz corrispondente trovato
Distribuzione punteggi
Percentuale di utenti per punteggio
Percentile per numero di risposta
I tuoi punteggi nel tempo
Non hai fatto questo quiz